000 01003nam a2200253Ia 4500
003 OSt
005 20221005133618.0
006 a|||||r|||| 00| 0
007 ta
008 221004b |||||||| |||| 00| 0 hin d
024 _a35965
037 _cTextual
040 _aCRL
_cCRL
_bhin
041 _2hin
_ahin
100 _aपाण्डेय, जय प्रकाश, ले.
_9569387
110 _aदिल्ली विश्वविद्यालय. कला संकाय. हिन्दी विभाग
245 0 _aमुल्ला दाऊद की चांदायन में नारी।
246 _aMullā dāūd kī chāandāyan mean nārī।
260 _c2014
300 _a119पृ.
_ccm.
700 _aदिल्ली विश्वविद्यालय. कला संकाय. हिन्दी विभाग
942 _cTEXL
_2cc
999 _c1067354
_d1067354